States, Ideologies, and Social Revolutions: A Comparative Analysis of Iran, Nicaragua, and the Philippines (Record no. 612684)

MARC details
000 -LEADER
fixed length control field 01155nam a2200193 a 4500
008 - FIXED-LENGTH DATA ELEMENTS--GENERAL INFORMATION
fixed length control field 260215s2026##################000#0#eng##
020 ## - INTERNATIONAL STANDARD BOOK NUMBER
ISBN 9780521773379
Paper back/Hardbound hbk
041 ## - LANGUAGE CODE
Language code of text/sound track or separate title eng
082 04 - DEWEY DECIMAL CLASSIFICATION NUMBER
Classification number 303.64
Item number PAR
100 ## - MAIN ENTRY--AUTHOR NAME
Personal name Parsa, Misagh
245 10 - TITLE STATEMENT
Title States, Ideologies, and Social Revolutions: A Comparative Analysis of Iran, Nicaragua, and the Philippines
Statement of responsibility, etc / Misagh Parsa
260 ## - PUBLICATION, DISTRIBUTION, ETC. (IMPRINT)
Name of publisher Cambridge Univ Pr
Year of publication 2000.
300 ## - PHYSICAL DESCRIPTION
Number of Pages 326p,;
Dimensions 20 cm.
504 ## - BIBLIOGRAPHY, ETC. NOTE
Bibliography, etc Includes index
520 ## - SUMMARY, ETC.
Summary, etc Between 1979 and 1986 Iran, Nicaragua, and the Philippines underwent dramatic political and social revolutions. This book examines the conditions and processes that gave rise to revolutions and their outcomes, through an in-depth analysis of economic and political developments in these countries. The author also analyzes the impact of the collective actions and ideologies of the major social groups involved--students, clergy, workers, and capitalists. His book provides a valuable new framework within which to understand the causes of revolutions, their mechanics and development, and their outcomes.
650 ## - SUBJECT ADDED ENTRY--TOPICAL TERM
Topical Term sociology
942 ## - ADDED ENTRY ELEMENTS (KOHA)
Koha item type Reference
Holdings
Withdrawn status Lost status Damaged status Not for loan Home library Current library Shelving location Date acquired Full call number Accession Number Price effective from Koha item type
        Anna Centenary Library Anna Centenary Library 3RD FLOOR, B WING 15.02.2026 303.64 PAR 193584 15.02.2026 Reference

Find us on the map